00317nam a2200109Ia 4500008004100000020001500041040002900056050002700085100001900112245004800131260002800179230107s9999||||xx |||||||||||||| ||und|| a9966494332 cChuka University Library aAFR PN 4145 bB8 1997  aBukenya Austin 0aOral litrature:A senior course form 3 and 4 aLonghornbNairobic1997